Statistics for Countries that Start with E

Click here to take the quiz!

General Stats

  • This quiz has been taken 436,308 times
    (148,474 since last reset)
  • The average score is 6 of 9

Answer Stats

Country% Correct
Ethiopia
84%
Estonia
84%
Ecuador
82%
Eritrea
80%
Egypt
67%
El Salvador
63%
East Timor
58%
Equatorial Guinea
51%
Eswatini
51%

Score Distribution

Percentile by Number Answered

Percent of People with Each Score

Your Score History

You have not taken this quiz since the last reset